Efektívna B2C komunikácia podniku cestovného ruchu prostredníctvom sociálnych médií diplomová práca

Enregistré dans:
Détails bibliographiques
Auteur principal: Hajas, Lukáš
Collectivité auteur: Obchodná fakulta EU. Katedra cestovného ruchu
Autres auteurs: Bažó, Ladislav, 1980-
Format: Livre
Langue:slovaque
Publié: Bratislava 2024
Tags: Ajouter un tag
Pas de tags, Soyez le premier à ajouter un tag!

MARC

LEADER 00000nbm a2200000 4500
001 0302473
005 20250122103009.4
041 0 |a slo 
044 |a SK 
245 1 0 |a Efektívna B2C komunikácia podniku cestovného ruchu prostredníctvom sociálnych médií  |b diplomová práca  |c Lukáš Hajas ; školiteľ: Ladislav Bažó 
264 1 |a Bratislava  |c 2024 
300 |a 69 s. 
100 1 |a Hajas, Lukáš 
700 1 |a Bažó, Ladislav, 1980- 
710 2 |a Obchodná fakulta EU. Katedra cestovného ruchu